LEADER 01451nam a2200313 i 4500 001 000000155054 003 CaOOAMICUS 005 20061031000000.0 008 061031s1982 it u000 u ita u 013 $a132403 040 $aSeMil$bita 100 1 $aBackès-Clément, Catherine.$0(OLS)http://semarc/name/39779 245 13$aIl pensiero di D. W. Winnicott /$cC. Clément ... [et al.] ; saggio introduttivo di Masud Khan per l'ed. italiana ; a cura di Vincenzo Bonaminio e Andreas Giannakoulas. 260 $aRoma :$bA. Armando,$c1982. 300 $a175 p. ;$c22 cm. 490 0 $aCollana medico-pedagogica ;$v94. 500 $aContiene : Nota bibliografica. 650 4$aPsicanalisi e educazione.$0(OLS)http://semarc/subject/19441 650 4$aWinnicott, Donald W. <1896-1971>.$0(OLS)http://semarc/subject/30363 650 4$aPediatria.$0(OLS)http://semarc/subject/30364 700 1 $aGiannakoulas, Andreas.$0(OLS)http://semarc/name/60653 700 1 $aBonaminio, Vincenzo.$0(OLS)http://semarc/name/3912 700 1 $aKhan, Masud.$0(OLS)http://semarc/name/60652 830 0$aCollana medico-pedagogica ;$v94.$0(OLS)http://semarc/title/22064 850 $aSeMil 852 $aSeMil$W1$xVenegono$y1$m2Q III 61$j106905$B106905$CSeMilBibl$Z2$F116291 $81 961 $aRecupero: Altro 996 $6245$aIl pensiero di D. W. Winnicott$9(OLS)http://semarc/title/227040 996 $6260$aRoma :$bA. Armando$9(OLS)http://semarc/publisher/30005 LEADER 01195nam a2200265 4500 001 000000362550 003 CaOOAMICUS 005 20250416145544.0 008 250411s2000 it a 000 u ita r 020 $a88-7282-012-X 040 $aSeMil$bita 245 00$aOpera dei "Tabernacoli Viventi" :$bil grande dono di Gesù agli uomini d'oggi tramite Vera Grita /$ca cura di Giuseppina e Liliana Grita. 250 $a2. rist. 264 1$aUdine :$bSegno,$c2000. 300 $a203 p., [4] carte di tav. :$bill. ;$c21 cm 650 4$aEucaristia - Miracoli.$0(OLS)http://semarc/subject/17218 700 1 $aGrita, Liliana.$0(OLS)http://semarc/name/121886 700 1 $aGrita, Giuseppina.$0(OLS)http://semarc/name/121885 850 $aSeMil 852 $aSeMil$W1$xVenegono$y1$m2V III 118$j256070$B253463$CSeMilBibl$Z2$F253463 $81 961 $aBuzzi mons. Franco - Omaggio 996 $6020$a88-7282-012-X$9(OLS)http://semarc/number/303004 996 $6245$aOpera dei "Tabernacoli Viventi" :$bil grande dono di Gesù agli uomini d'oggi tramite Vera Grita$9(OLS)http://semarc/title/453478 996 $6264$aUdine :$bSegno$9(OLS)http://semarc/publisher/32104